International journal of administration and development studies (Record no. 38295)
[ view plain ]
| 000 -LEADER | |
|---|---|
| fixed length control field | 00520nam a2200169Ia 4500 |
| 022 ## - INTERNATIONAL STANDARD SERIAL NUMBER | |
| ISSN | 21415226 |
| 050 ## - CALL MARK | |
| Classification number | HD 82 .I58/ |
| 245 #0 - TITLE STATEMENT | |
| Title | International journal of administration and development studies |
| 260 ## - PUBLICATION, DISTRIBUTION, ETC. (IMPRINT) | |
| Place of publication | Maiduguri |
| 260 ## - PUBLICATION, DISTRIBUTION, ETC. (IMPRINT) | |
| Name of publisher | Department of Public Admin Uni of Maiduguri |
| 260 ## - PUBLICATION, DISTRIBUTION, ETC. (IMPRINT) | |
| Year of publication | 2001 |
| 300 ## - PHYSICAL DESCRIPTION | |
| Number of Pages | v., 298 p. ; 25 cm. |
| 650 ## - SUBJECT ADDED ENTRY--TOPICAL TERM | |
| Topical Term | Economic development--Periodicals. Public administration--Periodicals. |
| 942 ## - ADDED ENTRY ELEMENTS (KOHA) | |
| Koha item type | Serials |
No items available.